00661nam a2200193 i 4500001000700000003000900007005001700016008004100033017001700074020001800091100003500109245008900144260004800233300003500281490004500316600004300361830004200404852002100446172035ES-MaACL20250821111723.0090612s1988 sp |||| | spa d aM 43228-1987 a84-220-1310-X1 aHuerga, Álvaro (d1923-2018)10aFray Luis de Granada b: una vida al servicio de la Iglesia / cpor Álvaro Huerga. aMadrid : bLa Editorial Católica, c1988. aXXXVI, 314 p., 1 h. ; c20 cm.1 aBiblioteca de autores cristianos ; v49604aLuis de Granada, c(O.P.), d1504-158800aBiblioteca de autores cristianosv496 aES-MaACLjJ-483